[Event "Biel ATO op 52nd"]
[Site "Biel"]
[Date "2019.07.26"]
[Round "5"]
[White "Meyer, Prosper"]
[Black "Sudan, Georges"]
[Result "1-0"]
[WhiteElo "1916"]
[BlackElo "1978"]
[PlyCount "51"]
[EventDate "2019.07.20"]
[EventType "swiss"]
[EventRounds "9"]
[EventCountry "SUI"]
[SourceTitle "EXT 2020"]
[Source "ChessBase"]
[SourceDate "2019.10.17"]
[SourceVersion "1"]
[SourceVersionDate "2019.10.17"]
[SourceQuality "1"]

1. d4 Nf6 2. Nc3 d5 3. Bg5 Bf5 4. f3 h6 5. Bh4 Nbd7 6. Nxd5 Nxd5 7. e4 g5 8. Bf2 Bg7 9. exf5 c6 10. Qd2 b5 11. Ne2 Qb6 12. Nc3 N7f6 13. Ne4 Rd8 14. 0-0-0 a5 15. h4 g4 16. Nxf6+ Nxf6 17. d5 Qc7 18. Qc3 0-0 19. Bxb5 Nxd5 20. Qxc6 Qf4+ 21. Kb1 Nb4 22. Qe4 Qb8 23. a4 g3 24. Bd4 Qc7 25. Bxg7 Kxg7 26. c3 1-0

[Event "Biel ATO op 52nd"]
[Site "Biel"]
[Date "2019.07.25"]
[Round "4"]
[White "Muthu Paramaguru, M."]
[Black "Meyer, Prosper"]
[Result "0-1"]
[WhiteElo "1665"]
[BlackElo "1916"]
[PlyCount "106"]
[EventDate "2019.07.20"]
[EventType "swiss"]
[EventRounds "9"]
[EventCountry "SUI"]
[SourceTitle "EXT 2020"]
[Source "ChessBase"]
[SourceDate "2019.10.17"]
[SourceVersion "1"]
[SourceVersionDate "2019.10.17"]
[SourceQuality "1"]

1. e4 e6 2. d4 d5 3. Nd2 Nf6 4. e5 Nfd7 5. Bd3 c5 6. c3 Nc6 7. Ngf3 cxd4 8. cxd4 Qb6 9. 0-0 Nxd4 10. Nxd4 Qxd4 11. Nf3 Qb6 12. Qa4 Qb4 13. Qc2 Qc5 14. Qe2 a6 15. Be3 Qa5 16. a3 Qd8 17. Qc2 b5 18. Rac1 Bb7 19. Bxh7 Rc8 20. Qb1 Be7 21. h3 Nb6 22. Bg6 Nc4 23. Nd4 Qd7 24. Kh2 Nxe5 25. Bd3 Ng4+ 26. Kg1 Qd6 27. Nf3 Nxe3 28. fxe3 Rxc1 29. Qxc1 Bf6 30. Nd4 Rh4 31. Qe1 Rh5 32. Qe2 Rh4 33. Qe1 Rh6 34. Qf2 Qc7 35. Nb3 Be5 36. Na5 Rf6 37. Qd2 Rxf1+ 38. Bxf1 Bc8 39. b4 Qc3 40. Qe2 d4 41. exd4 Qxd4+ 42. Kh1 Qf4 43. g4 Bd4 44. Bg2 Qc1+ 45. Bf1 e5 46. Qg2 Kf8 47. Nb3 Qc7 48. Bd3 g6 49. Nxd4 Qc1+ 50. Qg1 Bb7+ 51. Kh2 Qf4+ 52. Qg3 Qxd4 53. h4 Qa1 0-1

[Event "Biel ATO op 52nd"]
[Site "Biel"]
[Date "2019.07.23"]
[Round "2"]
[White "Ehrsam, Andreas"]
[Black "Meyer, Prosper"]
[Result "1/2-1/2"]
[WhiteElo "1736"]
[BlackElo "1916"]
[PlyCount "74"]
[EventDate "2019.07.20"]
[EventType "swiss"]
[EventRounds "9"]
[EventCountry "SUI"]
[SourceTitle "EXT 2020"]
[Source "ChessBase"]
[SourceDate "2019.10.17"]
[SourceVersion "1"]
[SourceVersionDate "2019.10.17"]
[SourceQuality "1"]

1. d4 e6 2. Nf3 f5 3. g3 Nf6 4. Bg2 Be7 5. 0-0 0-0 6. c4 d6 7. Nc3 Qe8 8. Qc2 Qh5 9. Bg5 Bd8 10. b4 Nbd7 11. Rad1 h6 12. Bxf6 Nxf6 13. e3 c6 14. c5 Bc7 15. Nd2 d5 16. Nf3 Ne4 17. Ne5 Ng5 18. f4 Nh7 19. Bf3 Qe8 20. Qe2 Nf6 21. Rb1 Kh7 22. Kh1 b5 23. Ra1 a5 24. a3 Bb7 25. Rg1 g6 26. h3 Bxe5 27. dxe5 Ne4 28. Bxe4 dxe4 29. Rgd1 Qe7 30. Rd6 axb4 31. Rad1 Rfd8 32. Rxd8 Rxd8 33. Rxd8 Qxd8 34. axb4 Kg7 35. Qd1 Qxd1+ 36. Nxd1 g5 37. h4 gxh4 1/2-1/2